|
|
|
|
| LEADER |
00000cam a2200000 a 4500 |
| 001 |
vtls009188013 |
| 003 |
SK-MaSNL |
| 005 |
20260302043119.0 |
| 008 |
240313s2007 xo d g 001 0 slo |
| 015 |
|
|
|a SNBA2008/05-02348
|
| 020 |
|
|
|a 9788089295036
|q (brož.)
|
| 035 |
|
|
|a 1C631D56-8AA5-4F29-AF6E-99F582C50205
|
| 035 |
|
|
|a urn:nbn:sk:snk-aml254
|
| 035 |
|
|
|a urn:nbn:sk:snk-am008m23
|
| 040 |
|
|
|a SNK
|b slo
|c SNK
|e AACR2
|
| 041 |
0 |
|
|a slo
|
| 044 |
|
|
|a xo
|c SK
|
| 072 |
|
7 |
|a 316.3
|x Globálne spoločnosti. Sociálna štruktúra. Sociálne skupiny
|2 konspekt
|
| 080 |
|
|
|a 316.346.32-053.9
|2 2001
|
| 080 |
|
|
|a 159.923
|2 2001
|
| 080 |
|
|
|a 316.728-021.465
|2 2001
|
| 080 |
|
|
|a 37.0
|2 2001
|
| 080 |
|
|
|a (048.8)
|2 2001
|
| 100 |
1 |
|
|a Balogová, Beáta,
|d 1964-
|4 aut
|9 23092
|
| 245 |
1 |
0 |
|a Seniori v spektre súčasného sveta
|c Beáta Balogová
|
| 250 |
|
|
|a 1. vyd.
|
| 260 |
|
|
|a Prešov
|b Pavol Šidelský - Akcent Print
|c 2007
|
| 300 |
|
|
|a 103 s.
|b grafy
|c 21 cm
|
| 366 |
|
|
|e 200 výt.
|
| 504 |
|
|
|a Bibliogr. odkazy. Men. reg. Pozn.
|
| 650 |
0 |
7 |
|a seniori
|2 SNKPH
|9 117453
|
| 650 |
0 |
7 |
|a psychológia osobnosti
|2 SNKPH
|9 3576
|
| 650 |
0 |
7 |
|a kvalita života
|2 SNKPH
|9 1705
|
| 650 |
0 |
7 |
|a výchova a vzdelávanie
|2 SNKPH
|9 1684
|
| 655 |
|
7 |
|a monografie
|2 SNKPH
|9 70139
|
| 919 |
|
|
|a 978-80-89295-03-6
|
| 958 |
|
|
|a NB
|
| 958 |
|
|
|a OND
|
| 968 |
|
|
|d 30/31
|
| 999 |
|
|
|c 1085405
|d 1087335
|
| 952 |
|
|
|a SNK
|b SNK
|y PREZ
|7 0
|p 17A0586119
|o snkSC 131605
|i snk2008/8444
|8 0
|0 0
|1 0
|4 0
|d 2008-04-14
|f 1
|l 0
|r 2025-06-23 00:00:00
|w 2026-02-24
|
| 952 |
|
|
|a SNK
|b SNK
|y VYP
|7 0
|p 17A0586913
|o snkSC 131605 D1
|i snk2008/9353
|8 0
|0 0
|1 0
|4 0
|d 2008-04-25
|l 0
|r 2026-02-24 16:39:06
|w 2026-02-24
|